Normal view MARC view

Entry Nombre personal

Number of records used in: 4

001 - NÚMERO DE CONTROL

  • campo de control: 90809

003 - IDENTIFICADOR DE NÚMERO DE CONTROL

  • campo de control: SpMaBN

005 - FECHA Y HORA DE LA ÚLTIMA TRANSACCIÓN

  • campo de control: 20231214135837.0

008 - ELEMENTOS DE DATO DE LONGITUD-FIJA

  • campo de control de longitud fija: 890102nn ainnnaabn a aaa

016 ## - NÚMERO DE CONTROL DE UNA AGENCIA BIBLIOGRÁFICA NACIONAL

  • Número de control del registro: BNE19925232226

024 7# - IDENTIFICADOR DE OTROS ESTÁNDARES

  • Número estándar o código: http://viaf.org/viaf/68722/
  • Fuente: viaf

024 7# - IDENTIFICADOR DE OTROS ESTÁNDARES

  • Número estándar o código: https://isni.org/isni/000000008078970X
  • Fuente: isni

040 ## - FUENTE DE CATALOGACIÓN

  • Centro catalogador/agencia de origen: SpMaBN
  • Lengua de catalogación: spa
  • Centro/agencia transcriptor: SpMaBN
  • Normas de descripción: rdc
  • Convención/Normas de encabezamiento de materia/tesauro: embne

046 ## - FECHAS CON CODIFICACIÓN ESPECIAL

  • Fecha de nacimiento: 1955

100 1# - ENCABEZAMIENTO-NOMBRE DE PERSONA

  • Nombre de persona: Pérez de Tudela Velasco, Jorge,
  • Fechas asociadas al nombre: 1955-

375 ## - GÉNERO/SEXO

  • Género: Masculino

377 ## - IDIOMA ASOCIADO

  • Código del idioma: spa
  • Término de lengua/lenguaje: Español

400 1# - TRAZADO DE VÉASE--NOMBRE DE PERSONA

  • Nombre de persona: Pérez de Tudela, Jorge,
  • Fechas asociadas al nombre: 1955-

670 ## - FUENTE DE DATOS ENCONTRADOS

  • Cita de la fuente: Historia de la filosofía moderna, 1998
  • Información encontrada: port. (Jorge Pérez de Tudela Velasco)

670 ## - FUENTE DE DATOS ENCONTRADOS

  • Cita de la fuente: La proposición del fundamento, 1991
  • Información encontrada: port. (Jorge Pérez de Tudela)

670 ## - FUENTE DE DATOS ENCONTRADOS

  • Cita de la fuente: Aporéticas del perdón, 2016
  • Información encontrada: port. (de Diego S. Garrocho y Jorge Pérez de Tudela) solapa (n. 1955 en Madrid; Doctor en Filosofía y Derecho; catedrático de Filosofía en la UAM; traductor y editor de Jacques Derrida; especialista en filosofía hermenéutica)

856 4# - LOCALIZACIÓN Y ACCESO ELECTRÓNICOS

  • Identificador Uniforme de Recursos: https://dialnet.unirioja.es/servlet/autor?codigo=118870